Satunnaisia Aasian pääkaupunkeja kartalla - Statistics

Yleistilastot
  • Tätä visaa on pelattu 341 kertaa
  • Keskiarvotulos 9 / 12
Vastaukset kartalla
Vastauksille on annettu kartalla punavihreä väri sen mukaan, kuinka moni on saanut sen oikein.
 
Vastaustilastot
Pääkaupunki % Oikein
Abu Dhabi
100%
Ankara
100%
Peking
100%
Tokio
100%
Bagdad
97%
New Delhi
97%
Hanoi
96%
Jerusalem
95%
Riad
94%
Bangkok
93%
Singapore
93%
Soul
92%
Teheran
90%
Jakarta
89%
Manila
89%
Islamabad
86%
Kuwait
86%
Taipei
86%
Jerevan
85%
Tbilisi
85%
Kabul
84%
Ulaanbaatar
84%
Baku
83%
Nikosia
83%
Beirut
81%
Masqat
81%
Pjongjang
81%
Doha
80%
Kuala Lumpur
79%
Amman
78%
Biškek
77%
Phnom Penh
76%
Sanaa
74%
Dhaka
73%
Malé
73%
Kathmandu
72%
Astana
71%
Kotte
67%
Taškent
67%
Vientiane
66%
Ašgabat
62%
Dili
61%
Naypyidaw
60%
Damaskos
58%
Bandar Seri Begawan
50%
Thimphu
50%
Dušanbe
38%
Manama
35%
Ehtoja vastaavia visoja ei löytynyt
Tulosjakauma
Jokaisen tuloksen saaneiden osuus
Persentiili vastausten määrän mukaan
Tuloshistoriasi
Et ole pelannut tätä visaa